<?xml version="1.0" encoding="UTF-8"?>
<record
    xmlns:xsi="http://www.w3.org/2001/XMLSchema-instance"
    xsi:schemaLocation="http://www.loc.gov/MARC21/slim http://www.loc.gov/standards/marcxml/schema/MARC21slim.xsd"
    xmlns="http://www.loc.gov/MARC21/slim">

  <leader>00951aaa a2200229 a 4500</leader>
  <controlfield tag="001">78680</controlfield>
  <controlfield tag="003">BD-RjUL</controlfield>
  <controlfield tag="005">20211209083148.0</controlfield>
  <controlfield tag="008">211101s1939    uk ||||| |||| 00| 0 ara d</controlfield>
  <datafield tag="035" ind1=" " ind2=" ">
    <subfield code="a">(BD-RjUL)78906</subfield>
  </datafield>
  <datafield tag="040" ind1=" " ind2=" ">
    <subfield code="a">BD-RjUL</subfield>
    <subfield code="b">eng</subfield>
    <subfield code="c">BD-RjUL</subfield>
  </datafield>
  <datafield tag="041" ind1=" " ind2=" ">
    <subfield code="a">eng/ara</subfield>
  </datafield>
  <datafield tag="082" ind1=" " ind2=" ">
    <subfield code="2">23</subfield>
    <subfield code="a">892.71</subfield>
    <subfield code="b">MUT 1939</subfield>
  </datafield>
  <datafield tag="100" ind1=" " ind2=" ">
    <subfield code="a">&#x639;&#x628;&#x62F;&#x627;&#x644;&#x644;&#x647; &#x627;&#x628;&#x646; &#x627;&#x644;&#x645;&#x639;&#x62A;&#x632; = A. Eghbal</subfield>
    <subfield code="9">249521</subfield>
  </datafield>
  <datafield tag="245" ind1=" " ind2=" ">
    <subfield code="a">The Tabaqat al-Shu'ara' al-Muhdathin of ibn al -Muhthin of Ibn al-Mutazz = &#x643;&#x62A;&#x627;&#x628; &#x637;&#x628;&#x642;&#x627;&#x62A; &#x627;&#x644;&#x634;&#x639;&#x631;&#x627;&#x621; &#x641;&#x64A; &#x645;&#x62F;&#x62D; &#x627;&#x644;&#x62E;&#x644;&#x641;&#x627;&#x621; &#x648;&#x627;&#x644;&#x648;&#x632;&#x631;&#x627;&#x621; &#x639;&#x628;&#x62F;&#x627;&#x644;&#x644;&#x647; &#x627;&#x628;&#x646; &#x627;&#x644;&#x645;&#x639;&#x62A;&#x632;</subfield>
    <subfield code="c">&#x639;&#x628;&#x62F;&#x627;&#x644;&#x644;&#x647; &#x627;&#x628;&#x646; &#x627;&#x644;&#x645;&#x639;&#x62A;&#x632;  ; &#x639;&#x628;&#x627;&#x633; &#x627;&#x642;&#x628;&#x627;&#x644;= Abdullah Ibn Al- Mutazz; by A Eghbal</subfield>
  </datafield>
  <datafield tag="260" ind1=" " ind2=" ">
    <subfield code="a">London : </subfield>
    <subfield code="b">Cambridge University ,</subfield>
    <subfield code="c">1939</subfield>
  </datafield>
  <datafield tag="650" ind1=" " ind2=" ">
    <subfield code="a">Arabic Poetry</subfield>
    <subfield code="9">249522</subfield>
  </datafield>
  <datafield tag="700" ind1=" " ind2=" ">
    <subfield code="a">Eghbal,  A =&#x627;&#x642;&#x628;&#x627;&#x644;, &#x639;&#x628;&#x627;&#x633;</subfield>
    <subfield code="9">249526</subfield>
  </datafield>
  <datafield tag="830" ind1=" " ind2=" ">
    <subfield code="a">E.J.W. Gibb memorial' ; Series</subfield>
    <subfield code="9">249527</subfield>
  </datafield>
  <datafield tag="830" ind1=" " ind2=" ">
    <subfield code="a">New Series; </subfield>
    <subfield code="v">Xiii</subfield>
    <subfield code="9">249528</subfield>
  </datafield>
  <datafield tag="942" ind1=" " ind2=" ">
    <subfield code="2">ddc</subfield>
    <subfield code="c">BK</subfield>
  </datafield>
  <datafield tag="999" ind1=" " ind2=" ">
    <subfield code="c">78680</subfield>
    <subfield code="d">78680</subfield>
  </datafield>
  <datafield tag="952" ind1=" " ind2=" ">
    <subfield code="0">0</subfield>
    <subfield code="1">0</subfield>
    <subfield code="2">ddc</subfield>
    <subfield code="4">0</subfield>
    <subfield code="7">1</subfield>
    <subfield code="8">NFIC</subfield>
    <subfield code="a">RUCL</subfield>
    <subfield code="b">RUCL</subfield>
    <subfield code="c">Reading</subfield>
    <subfield code="d">1964-01-24</subfield>
    <subfield code="e">zeitlinger</subfield>
    <subfield code="l">0</subfield>
    <subfield code="o">A 892.71 MUT 1939</subfield>
    <subfield code="r">2021-11-01 00:00:00</subfield>
    <subfield code="t">C-1</subfield>
    <subfield code="w">2021-11-01</subfield>
    <subfield code="y">BK</subfield>
  </datafield>
</record>
